000 00701 a2200229 4500
005 20260313124033.0
008 260313b |||||||| |||| 00| 0 eng d
020 _a9789360621308 (hbk)
037 _cTB
040 _aCRL
_cCRL
041 _2URD
_aURD
084 _aP168 R5
_bCRL
100 _aBeg, Mirza Khalil Ahmad
_971376
245 _aMubadiyat-e-lisaniyat
260 _aNew Delhi, India:
_bEducational publishing house,
_c2025.
300 _a140p.
365 _b250.00
_cINR
650 _aLinguistics
650 _aUrdu Language
942 _cTB
_2CC
_hP168 R5
999 _c1679749
_d1679749